JOHANN LUDWIG KRAPF: MMISIONARI, MTAALAMU NA MVUMBUZI (Record no. 67651)

MARC details
000 -LEADER
fixed length control field 00443nam a22001697a 4500
003 - CONTROL NUMBER IDENTIFIER
control field OSt
005 - DATE AND TIME OF LATEST TRANSACTION
control field 20250704155755.0
007 - PHYSICAL DESCRIPTION FIXED FIELD--GENERAL INFORMATION
fixed length control field 95 P
040 ## - CATALOGING SOURCE
Transcribing agency LC
050 ## - LIBRARY OF CONGRESS CALL NUMBER
Classification number BV 3562 .K73 R53 1973
Item number 1
100 ## - MAIN ENTRY--PERSONAL NAME
Personal name RICHARDS, C. G.
245 #0 - TITLE STATEMENT
Title JOHANN LUDWIG KRAPF: MMISIONARI, MTAALAMU NA MVUMBUZI
260 ## - PUBLICATION, DISTRIBUTION, ETC.
Place of publication, distribution, etc. NAIROBI,
Name of publisher, distributor, etc. EMBASSY OF THE FEDERAL REPUBLIC OF GERMANY
Date of publication, distribution, etc. 1973,
300 ## - PHYSICAL DESCRIPTION
Extent 95 P
650 ## - SUBJECT ADDED ENTRY--TOPICAL TERM
Topical term or geographic name entry element Missionary work- Kenya
942 ## - ADDED ENTRY ELEMENTS (KOHA)
Koha item type Long Loan Book
Source of classification or shelving scheme Library of Congress Classification
Suppress in OPAC No
Holdings
Withdrawn status Lost status Source of classification or shelving scheme Damaged status Not for loan Collection Home library Current library Shelving location Date acquired Inventory number Total checkouts Full call number Barcode Date last seen Copy number Price effective from Koha item type
    Library of Congress Classification     Arts & Social Sciences Kisii University Library Kisii University Library On Display 09/15/2023 6852   BV 3562 .K 73 1973 007182 09/15/2023 1 09/15/2023 Long Loan Book